| 000 | 00977nam a2200289 a 4500 | ||
|---|---|---|---|
| 005 | 20200104041523.0 | ||
| 008 | 141120b xxu||||| |||| 00| 0 spa d | ||
| 040 |
_aCOBoIH _cCOBoIH |
||
| 041 | _aspa | ||
| 090 |
_aIAvH _b00026 |
||
| 100 |
_aRosselli, Loreta _94762 |
||
| 110 |
_bInstituto de Investigación de Recursos Biológicos Alexander von Humboldt _9204 |
||
| 245 |
_aJardines botánicos de Colombia _bdiagnóstico y recomendaciones de trabajo para el Instituto |
||
| 260 |
_aVilla de Leyva (Boyacá) _bInstituto Alexander von Humboldt _c1996 |
||
| 300 | _a61p. | ||
| 650 |
_aJardines botánicos _928839 |
||
| 650 |
_aDistribución geográfica _928840 |
||
| 650 |
_aCapacitación _992246 |
||
| 650 |
_aEducación ambiental _9162 |
||
| 650 |
_aInvestigación _928843 |
||
| 650 |
_aApoyo institucional _97678 |
||
| 650 |
_aVegetación _928844 |
||
| 650 |
_aInventarios _992201 |
||
| 650 |
_aEspecies amenazadas _9157 |
||
| 662 | _aColombia | ||
| 942 |
_cINFORME _2z _01 |
||
| 999 |
_c1664 _d1664 |
||